[Event "Maastricht Limburg op-A 8th"]
[Site "Maastricht"]
[Date "2014.06.09"]
[Round "7"]
[White "Groffen, Hans"]
[Black "De Wit, Albert"]
[Result "0-1"]
[WhiteElo "2190"]
[BlackElo "1999"]
[PlyCount "90"]
[EventDate "2014.06.06"]
[EventType "swiss"]
[EventRounds "7"]
[EventCountry "NED"]
[SourceTitle "CBM 160 Extra"]
[Source "ChessBase"]
[SourceDate "2014.07.01"]
[SourceVersion "1"]
[SourceVersionDate "2014.07.01"]
[SourceQuality "1"]

1. d4 g6 2. Nf3 Bg7 3. c4 d6 4. e4 Nd7 5. Nc3 e5 6. Be3 Ne7 7. h4 h5 8. Qd2 exd4 9. Nxd4 Nc6 10. Bg5 Bf6 11. Nd5 Bxg5 12. hxg5 Nxd4 13. Qxd4 0-0 14. f4 c6 15. Nc3 Nc5 16. 0-0-0 Bg4 17. Be2 Bxe2 18. Nxe2 Qe7 19. Ng3 Ne6 20. Qf6 Qxf6 21. gxf6 Nxf4 22. Kb1 Rfd8 23. Rdf1 Ne6 24. Nf5 Ng5 25. Ne7+ Kf8 26. Rf4 Nh7 27. Rhf1 Rd7 28. c5 dxc5 29. e5 Ng5 30. g4 h4 31. Rh1 h3 32. Rf3 Rxe7 33. fxe7+ Kxe7 34. Rc3 Rh8 35. Rh2 b6 36. b4 Rh4 37. bxc5 b5 38. Rg3 Ke6 39. a4 bxa4 40. Kb2 Kxe5 41. Ka3 Kf4 42. Rd3 Kxg4 43. Kxa4 Nf3 44. Rh1 Kg3+ 45. Ka5 h2 0-1

[Event "Helmond Legibus op"]
[Site "Helmond"]
[Date "2013.06.29"]
[Round "2"]
[White "Vishnu, Prasanna V"]
[Black "De Wit, Albert"]
[Result "1-0"]
[WhiteElo "2494"]
[BlackElo "2014"]
[PlyCount "85"]
[EventDate "2013.06.29"]
[EventType "swiss (rapid)"]
[EventRounds "9"]
[EventCountry "NED"]
[SourceTitle "CBM 155 Extra"]
[Source "ChessBase"]
[SourceDate "2013.08.26"]
[SourceVersion "1"]
[SourceVersionDate "2013.08.26"]
[SourceQuality "1"]

1. e4 g6 2. d4 Bg7 3. Nc3 c6 4. f4 d5 5. e5 Nh6 6. Be2 f6 7. g4 0-0 8. h3 Nf7 9. Nf3 fxe5 10. dxe5 Qb6 11. Qd3 g5 12. Be3 Qc7 13. fxg5 Nxe5 14. Nxe5 Qxe5 15. 0-0-0 Nd7 16. Rhf1 Rxf1 17. Rxf1 Nb6 18. g6 hxg6 19. Bxb6 axb6 20. Qxg6 Be6 21. Bd3 Qe3+ 22. Kb1 Qh6 23. Qxh6 Bxh6 24. g5 Bg7 25. h4 Bg4 26. Rg1 Bh5 27. Be2 Bxc3 28. Bxh5 Bd4 29. Rh1 e5 30. Bg4 e4 31. h5 Rf8 32. Be6+ Kh8 33. c4 Rf2 34. cxd5 Rxb2+ 35. Kc1 Rxa2 36. d6 Ra1+ 37. Kc2 Rxh1 38. d7 Rh2+ 39. Kb3 Bf6 40. gxf6 Rd2 41. f7 Kg7 42. h6+ Kf8 43. h7 1-0

[Event "Maastricht Limburg op-B 7th"]
[Site "Maastricht"]
[Date "2013.05.17"]
[Round "1"]
[White "Tangelder, Yonne"]
[Black "De Wit, Albert"]
[Result "0-1"]
[WhiteElo "1837"]
[BlackElo "1999"]
[PlyCount "81"]
[EventDate "2013.05.17"]
[EventType "swiss"]
[EventRounds "7"]
[EventCountry "NED"]
[SourceTitle "EXT 2014"]
[Source "ChessBase"]
[SourceDate "2013.11.20"]
[SourceVersion "1"]
[SourceVersionDate "2013.11.20"]
[SourceQuality "1"]

1. e4 g6 2. d4 Bg7 3. c3 d5 4. e5 c5 5. Nf3 Nc6 6. Bf4 Bg4 7. Bb5 Qb6 8. Bxc6+ bxc6 9. Qa4 Bxf3 10. gxf3 e6 11. dxc5 Qxc5 12. Na3 Qb6 13. Be3 Qb7 14. f4 Ne7 15. Rb1 0-0 16. Bc5 f6 17. Bd6 Rf7 18. Nc2 Nf5 19. Nd4 fxe5 20. Bxe5 Nxd4 21. Qxd4 Raf8 22. Rf1 Bh6 23. Bd6 Re8 24. Kd1 Qa6 25. Kc2 Qe2+ 26. Kb3 Rb7+ 27. Ka3 Qa6+ 28. Qa4 Qxa4+ 29. Kxa4 Rf7 30. Rbd1 Bxf4 31. Bxf4 Rxf4+ 32. Rd4 Ref8 33. Kb4 Rxf2 34. Rxf2 Rxf2 35. b3 Rxa2 36. h4 Rc2 37. Rf4 Kg7 38. Rf3 e5 39. Kc5 d4 40. c4 Rc3 41. Rf1 0-1

[Event "Goch op 23rd"]
[Site "Goch"]
[Date "2012.08.31"]
[Round "3"]
[White "De Wit, Albert"]
[Black "Hermsen, Frederik"]
[Result "1/2-1/2"]
[WhiteElo "2019"]
[BlackElo "1863"]
[PlyCount "55"]
[EventDate "2012.08.30"]
[EventType "swiss"]
[EventRounds "7"]
[EventCountry "GER"]
[SourceTitle "EXT 2015"]
[Source "ChessBase"]
[SourceDate "2014.11.20"]
[SourceVersion "1"]
[SourceVersionDate "2014.11.20"]
[SourceQuality "1"]

1. e4 d5 2. exd5 Qxd5 3. Nc3 Qa5 4. d4 Nf6 5. Nf3 Bf5 6. Bc4 e6 7. Bd2 c6 8. Qe2 Bb4 9. 0-0-0 0-0 10. a3 Bxc3 11. Bxc3 Qc7 12. Ne5 Nbd7 13. g4 Nxe5 14. dxe5 Nxg4 15. Rhg1 Nh6 16. Bd2 Kh8 17. Bxh6 gxh6 18. Rd6 Rg8 19. Rgd1 Rg7 20. Qe3 Qa5 21. Qxh6 Qxe5 22. f4 Qe3+ 23. Kb1 Rag8 24. Rd8 Qb6 25. Qf6 h5 26. Qh6+ Rh7 27. Rxg8+ Kxg8 28. Qxh5 1/2-1/2

[Event "Goch op 22nd"]
[Site "Goch"]
[Date "2011.10.01"]
[Round "5"]
[White "De Wit, Albert"]
[Black "Stefkovic, Martin"]
[Result "1/2-1/2"]
[WhiteElo "2028"]
[BlackElo "1954"]
[PlyCount "162"]
[EventDate "2011.09.29"]
[EventType "swiss"]
[EventRounds "7"]
[EventCountry "GER"]
[SourceTitle "EXT 2014"]
[Source "ChessBase"]
[SourceDate "2013.11.20"]
[SourceVersion "1"]
[SourceVersionDate "2013.11.20"]
[SourceQuality "1"]

1. e4 e6 2. d4 d5 3. Nc3 c6 4. Nf3 h6 5. Be3 Bb4 6. e5 Ne7 7. h4 Nd7 8. Qd3 a6 9. a3 Ba5 10. Be2 b5 11. g4 Bb7 12. h5 Bb6 13. Nh4 c5 14. f4 cxd4 15. Bxd4 Bxd4 16. Qxd4 Nc6 17. Qf2 Qb6 18. Qxb6 Nxb6 19. 0-0 Rc8 20. Rae1 Nd7 21. Nf3 Ne7 22. Nd4 Nc6 23. Rd1 Nxd4 24. Rxd4 Ke7 25. Rf2 Rc7 26. a4 bxa4 27. Rxa4 Ra8 28. Rf1 Nc5 29. Rd4 Nd7 30. Ra1 Nb8 31. Rda4 Bc6 32. Ra5 Bb7 33. Bd3 f6 34. exf6+ gxf6 35. f5 d4 36. Nb5 Rd7 37. fxe6 Rd5 38. Nc7 Rxa5 39. Rxa5 Ra7 40. Bf5 Nc6 41. Ra4 Ne5 42. Nb5 Bc6 43. Nxa7 Bxa4 44. b3 Be8 45. Nc8+ Kd8 46. Nd6 Ke7 47. Nc8+ Kd8 48. Nd6 Ke7 49. Ne4 Bc6 50. Nc5 a5 51. Kf2 Bd5 52. Nd7 Nc6 53. Nc5 Nd8 54. Ke2 Kd6 55. Kd3 Bxe6 56. Bxe6 Kxc5 57. Bc4 Nc6 58. Be6 Nb4+ 59. Kd2 Kd6 60. Bf5 Kd5 61. c3 dxc3+ 62. Kxc3 Kc5 63. Be4 Na6 64. Kd3 Nc7 65. Bg6 Nd5 66. Ke4 Ne7 67. Bf7 Kd6 68. Kd4 Nc6+ 69. Ke4 Ne5 70. Be8 Ke7 71. Bb5 Nxg4 72. Kf5 Ne5 73. Be2 Kf7 74. Ba6 Ke7 75. Bb7 Kf7 76. Bd5+ Kg7 77. Be6 Nc6 78. Ke4 Kf8 79. Kf5 Kg7 80. Ke4 Kf8 81. Kf5 Kg7 1/2-1/2

[Event "Goch op 22nd"]
[Site "Goch"]
[Date "2011.10.01"]
[Round "4"]
[White "Martin, Heiko"]
[Black "De Wit, Albert"]
[Result "0-1"]
[WhiteElo "1849"]
[BlackElo "2028"]
[PlyCount "57"]
[EventDate "2011.09.29"]
[EventType "swiss"]
[EventRounds "7"]
[EventCountry "GER"]
[SourceTitle "EXT 2014"]
[Source "ChessBase"]
[SourceDate "2013.11.20"]
[SourceVersion "1"]
[SourceVersionDate "2013.11.20"]
[SourceQuality "1"]

1. c4 g6 2. Nc3 Bg7 3. g3 d6 4. Bg2 e5 5. e3 Nc6 6. Nge2 Be6 7. b3 Qd7 8. 0-0 Bh3 9. d4 h5 10. dxe5 h4 11. Bxh3 Qxh3 12. Nf4 Qd7 13. Ne4 Bxe5 14. Rb1 Qf5 15. Qf3 Nh6 16. h3 Bxf4 17. gxf4 0-0-0 18. Bb2 Rhg8 19. Nf6 Rgf8 20. e4 Qa5 21. Ng4 Qh5 22. Bg7 f5 23. Bxh6 fxg4 24. Qxg4+ Qxg4+ 25. hxg4 Rh8 26. Bg5 Rde8 27. Rfe1 Nd4 28. Re3 Ne6 29. Rd1 0-1

[Event "Goch op 22nd"]
[Site "Goch"]
[Date "2011.09.30"]
[Round "3"]
[White "De Wit, Albert"]
[Black "Paschmann, Stefan"]
[Result "1/2-1/2"]
[WhiteElo "2028"]
[BlackElo "1873"]
[PlyCount "85"]
[EventDate "2011.09.29"]
[EventType "swiss"]
[EventRounds "7"]
[EventCountry "GER"]
[SourceTitle "EXT 2014"]
[Source "ChessBase"]
[SourceDate "2013.11.20"]
[SourceVersion "1"]
[SourceVersionDate "2013.11.20"]
[SourceQuality "1"]

1. e4 c6 2. d4 d5 3. exd5 cxd5 4. c4 Nf6 5. Nc3 Nc6 6. Bg5 dxc4 7. d5 Ne5 8. Qd4 Ng6 9. Bxc4 h6 10. Be3 e5 11. dxe6 Bxe6 12. Bxe6 fxe6 13. Qa4+ Qd7 14. Qxd7+ Nxd7 15. Nf3 Bb4 16. Rc1 Nge5 17. Nxe5 Nxe5 18. Ke2 Bxc3 19. Rxc3 Nc6 20. Rd1 Rd8 21. Rxd8+ Kxd8 22. a3 Rf8 23. b4 Rf5 24. Rc5 a6 25. h3 h5 26. Kd3 Rxc5 27. Bxc5 b5 28. Ke4 Ke8 29. Bd4 Kf7 30. Bc3 g6 31. f3 Kg8 32. Kf4 Kh7 33. g4 hxg4 34. hxg4 Kg8 35. Ke4 Kf7 36. f4 Ke7 37. Be1 Kd6 38. Bg3 Ke7 39. Bf2 Kf7 40. Bc5 Kf6 41. Bd4+ Ke7 42. Bc3 Kd6 43. Bf6 1/2-1/2

[Event "Goch op 22nd"]
[Site "Goch"]
[Date "2011.09.29"]
[Round "1"]
[White "De Wit, Albert"]
[Black "Kamps, Ronald"]
[Result "1-0"]
[WhiteElo "2028"]
[BlackElo "1721"]
[PlyCount "75"]
[EventDate "2011.09.29"]
[EventType "swiss"]
[EventRounds "7"]
[EventCountry "GER"]
[SourceTitle "EXT 2014"]
[Source "ChessBase"]
[SourceDate "2013.11.20"]
[SourceVersion "1"]
[SourceVersionDate "2013.11.20"]
[SourceQuality "1"]

1. e4 c5 2. c3 e6 3. d4 cxd4 4. cxd4 Ne7 5. Nc3 d6 6. Nf3 a6 7. Bd3 g6 8. Bg5 Bg7 9. Qd2 h6 10. Be3 Bd7 11. 0-0 Bc6 12. Rfe1 d5 13. e5 h5 14. Bg5 Qb6 15. b4 Nf5 16. Ne2 Bb5 17. Bxf5 gxf5 18. Nf4 Bc4 19. Rac1 Nc6 20. a3 a5 21. Bf6 Bxf6 22. exf6 0-0-0 23. Ne5 Nxe5 24. dxe5 axb4 25. axb4 Kc7 26. Red1 Kb8 27. Ra1 Rc8 28. Ra5 Bb3 29. Rda1 Rc2 30. Ra8+ Kc7 31. Qxc2+ Bxc2 32. Rxh8 Qd4 33. Nxe6+ fxe6 34. Rc1 Qd2 35. Rf1 Bd3 36. f7 Bxf1 37. f8Q Qd4 38. Qd6# 1-0

[Event "Maastricht Limburg op-A 5th"]
[Site "Maastricht"]
[Date "2011.06.13"]
[Round "3"]
[White "De Wit, Albert"]
[Black "Driessens, Patrick"]
[Result "0-1"]
[WhiteElo "2054"]
[BlackElo "2324"]
[PlyCount "102"]
[EventDate "2011.06.10"]
[EventType "swiss"]
[EventRounds "7"]
[EventCountry "NED"]
[SourceTitle "CBM 142 Extra"]
[Source "ChessBase"]
[SourceDate "2011.06.27"]
[SourceVersion "1"]
[SourceVersionDate "2011.06.27"]
[SourceQuality "1"]

1. e4 e6 2. d4 d5 3. exd5 exd5 4. Nc3 Nf6 5. Bd3 Be7 6. Bf4 0-0 7. h3 c5 8. dxc5 Bxc5 9. Nge2 Nc6 10. 0-0 Be6 11. Ng3 Qd7 12. Bg5 Be7 13. Re1 h6 14. Bf4 Rfe8 15. Nb5 Rac8 16. c3 Bf8 17. Rc1 g6 18. Qd2 h5 19. Bg5 Nh7 20. Bh6 Be7 21. Bb1 Bf6 22. Nd4 Nxd4 23. cxd4 h4 24. Ne2 Bf5 25. Bxf5 Qxf5 26. Be3 b6 27. Nc3 Ng5 28. Kh2 Ne6 29. Nb5 Be7 30. Nxa7 Ra8 31. Nb5 Rxa2 32. Rc6 Rb8 33. Rec1 Ng5 34. Nc3 Ra5 35. Ne2 Ne4 36. Qe1 Ra2 37. R6c2 Re8 38. Kg1 Kg7 39. Nc3 Bb4 40. Nxa2 Bxe1 41. Rxe1 Rc8 42. Rxc8 Qxc8 43. Rc1 Qe6 44. Nb4 Nd6 45. Rc6 Qd7 46. b3 f6 47. Rxb6 Nf5 48. Nd3 Qc7 49. Rb5 Nxe3 50. fxe3 Qc3 51. Nf2 Qe1+ 0-1

[Event "Goch op 21st"]
[Site "Goch"]
[Date "2010.10.01"]
[Round "2"]
[White "De Wit, Albert"]
[Black "Baeumler, Ilja"]
[Result "1-0"]
[WhiteElo "2049"]
[BlackElo "2236"]
[PlyCount "73"]
[EventDate "2010.09.30"]
[EventType "swiss"]
[EventRounds "7"]
[EventCountry "GER"]
[SourceTitle "EXT 2012"]
[Source "ChessBase"]
[SourceDate "2011.11.24"]
[SourceVersion "1"]
[SourceVersionDate "2011.11.24"]
[SourceQuality "1"]

1. e4 e6 2. d4 d5 3. Nc3 Bb4 4. Nge2 dxe4 5. a3 Be7 6. Nxe4 Nf6 7. N2g3 0-0 8. c3 Nbd7 9. Bd3 c5 10. dxc5 Nxe4 11. Nxe4 f5 12. Ng3 Ne5 13. Bc2 Qxd1+ 14. Kxd1 Bxc5 15. f3 Ng6 16. b4 Bb6 17. Bb3 Nh4 18. Ra2 Kh8 19. Re2 e5 20. Bg5 Bd8 21. Bxd8 Rxd8+ 22. Kc2 f4 23. Ne4 h6 24. Rd1 Bf5 25. Bd5 Rd7 26. Red2 Rc8 27. Kb2 b6 28. c4 Rcd8 29. Nc3 Be6 30. Re1 Bxd5 31. Rxd5 Nxg2 32. Rexe5 Ne3 33. Rxd7 Rxd7 34. Re4 g5 35. c5 bxc5 36. bxc5 Rc7 37. Re6 1-0

[Event "Hilversum op-A"]
[Site "Hilversum"]
[Date "2010.07.04"]
[Round "9"]
[White "Vogel, Jaap"]
[Black "De Wit, Albert"]
[Result "1/2-1/2"]
[WhiteElo "2210"]
[BlackElo "1955"]
[PlyCount "58"]
[EventDate "2010.06.26"]
[EventType "swiss"]
[EventRounds "9"]
[EventCountry "NED"]
[SourceTitle "CBM 137 Extra"]
[Source "ChessBase"]
[SourceDate "2010.09.01"]
[SourceVersion "1"]
[SourceVersionDate "2010.09.01"]
[SourceQuality "1"]

1. Nf3 g6 2. g3 Bg7 3. d4 d6 4. Bg2 Nd7 5. c4 e5 6. Nc3 Ne7 7. e4 0-0 8. 0-0 exd4 9. Nxd4 Nc6 10. Nxc6 bxc6 11. Qc2 a5 12. Be3 Nb6 13. b3 a4 14. Rad1 axb3 15. axb3 Qe7 16. c5 dxc5 17. Na4 c4 18. Nxb6 cxb6 19. bxc4 Ba6 20. Bxb6 Qb4 21. Rb1 Qxc4 22. Qxc4 Bxc4 23. Rfc1 Bd3 24. Rb3 Bb5 25. Bf1 Rfe8 26. Bxb5 cxb5 27. Rxb5 Rxe4 28. Be3 Re7 29. Rbc5 h5 1/2-1/2

[Event "Hilversum op-A"]
[Site "Hilversum"]
[Date "2010.07.03"]
[Round "8"]
[White "De Wit, Albert"]
[Black "Spiler, Angelo"]
[Result "1-0"]
[WhiteElo "1955"]
[BlackElo "2115"]
[PlyCount "87"]
[EventDate "2010.06.26"]
[EventType "swiss"]
[EventRounds "9"]
[EventCountry "NED"]
[SourceTitle "CBM 137 Extra"]
[Source "ChessBase"]
[SourceDate "2010.09.01"]
[SourceVersion "1"]
[SourceVersionDate "2010.09.01"]
[SourceQuality "1"]

1. e4 c5 2. g3 Nc6 3. Bg2 g6 4. Ne2 Bg7 5. 0-0 e6 6. c3 Qb6 7. Na3 Nge7 8. Nc4 Qc7 9. d3 b5 10. Ne3 Qb6 11. f4 d6 12. g4 Bb7 13. f5 gxf5 14. gxf5 exf5 15. Nxf5 Nxf5 16. Rxf5 Bc8 17. Rf2 Bg4 18. Be3 h5 19. h3 Be6 20. Nf4 0-0-0 21. Nd5 Bxd5 22. exd5 Ne5 23. d4 cxd4 24. Bxd4 Qb7 25. a4 b4 26. cxb4 Kb8 27. b5 Rc8 28. Kh1 h4 29. Bc3 Rh6 30. Qe2 Rg6 31. Raf1 Rg8 32. Qe4 Qe7 33. Rxf7 Qg5 34. R7f5 Qg3 35. Be1 Qd3 36. Rxe5 Qxf1+ 37. Bxf1 Bxe5 38. Bf2 Rf6 39. Qe3 Rg7 40. b6 a6 41. Be2 Rf4 42. a5 Ra4 43. Bg4 Rxa5 44. Qc1 1-0

[Event "Hilversum op-A"]
[Site "Hilversum"]
[Date "2010.06.29"]
[Round "4"]
[White "Mostertman, Loek G"]
[Black "De Wit, Albert"]
[Result "0-1"]
[WhiteElo "2090"]
[BlackElo "1955"]
[PlyCount "78"]
[EventDate "2010.06.26"]
[EventType "swiss"]
[EventRounds "9"]
[EventCountry "NED"]
[SourceTitle "CBM 137 Extra"]
[Source "ChessBase"]
[SourceDate "2010.09.01"]
[SourceVersion "1"]
[SourceVersionDate "2010.09.01"]
[SourceQuality "1"]

1. e4 g6 2. d4 Bg7 3. c3 d5 4. exd5 Qxd5 5. Nf3 c5 6. Be2 Nc6 7. Be3 cxd4 8. cxd4 Nf6 9. Nc3 Qa5 10. 0-0 0-0 11. a3 Bf5 12. b4 Qd8 13. Rc1 Ne4 14. Na4 Rc8 15. d5 Ne5 16. Bxa7 Rxc1 17. Qxc1 Qxd5 18. Rd1 Qa2 19. Nd4 Ra8 20. Qe3 Rxa7 21. Nxf5 gxf5 22. Qxa7 Qxe2 23. Rd8+ Bf8 24. Rxf8+ Kxf8 25. Qb8+ Kg7 26. Qxe5+ Kg6 27. Qa1 Qxf2+ 28. Kh1 f4 29. Qg1 Qc2 30. Qe1 f5 31. Nc5 Nxc5 32. bxc5 Qxc5 33. Qe6+ Kg7 34. h3 b5 35. Kh2 h6 36. Kh1 Qc1+ 37. Kh2 Qc5 38. Kh1 h5 39. Kh2 f3 0-1

[Event "Maastricht Limburg op-B 4th"]
[Site "Maastricht"]
[Date "2010.05.24"]
[Round "7"]
[White "De Wit, Albert"]
[Black "Rodriguez, Abelardo"]
[Result "1-0"]
[WhiteElo "1955"]
[BlackElo "1734"]
[PlyCount "95"]
[EventDate "2010.05.21"]
[EventType "swiss"]
[EventRounds "7"]
[EventCountry "NED"]
[SourceTitle "EXT 2011"]
[Source "ChessBase"]
[SourceDate "2010.11.26"]
[SourceVersion "1"]
[SourceVersionDate "2010.11.26"]
[SourceQuality "1"]

1. e4 e6 2. d4 d5 3. Nc3 Nf6 4. Bg5 Be7 5. e5 Nfd7 6. h4 h6 7. Bxe7 Qxe7 8. f4 a6 9. Nf3 c5 10. Qd2 Nc6 11. g4 cxd4 12. Nxd4 Nxd4 13. Qxd4 Qc5 14. 0-0-0 b5 15. Bg2 Bb7 16. Rhe1 Qc7 17. f5 0-0-0 18. Re3 Kb8 19. Ne2 Rc8 20. Nc3 a5 21. Be4 Nc5 22. Nxb5 Qc6 23. Bd3 Nxd3+ 24. Qxd3 Ba6 25. Nd4 Bxd3 26. Nxc6+ Rxc6 27. Rexd3 Rhc8 28. c3 Rc4 29. Rd4 R8c6 30. Rxc4 Rxc4 31. Rd4 Kc7 32. Kd2 Rxd4+ 33. cxd4 Kc6 34. fxe6 fxe6 35. Kc3 Kb5 36. h5 Ka4 37. a3 Kb5 38. Kb3 Kc6 39. Ka4 Kd7 40. Kxa5 Ke7 41. b4 Kf7 42. b5 g6 43. b6 gxh5 44. gxh5 Ke7 45. b7 Kf7 46. b8Q Kg7 47. Qe8 Kh7 48. Qxe6 1-0

[Event "Maastricht Limburg op-B 4th"]
[Site "Maastricht"]
[Date "2010.05.22"]
[Round "2"]
[White "Moog, Gerhard"]
[Black "De Wit, Albert"]
[Result "1-0"]
[WhiteElo "1821"]
[BlackElo "1955"]
[PlyCount "59"]
[EventDate "2010.05.21"]
[EventType "swiss"]
[EventRounds "7"]
[EventCountry "NED"]
[SourceTitle "EXT 2011"]
[Source "ChessBase"]
[SourceDate "2010.11.26"]
[SourceVersion "1"]
[SourceVersionDate "2010.11.26"]
[SourceQuality "1"]

1. e4 g6 2. d4 Bg7 3. Nf3 c6 4. c4 d5 5. exd5 cxd5 6. Nc3 Nf6 7. Qb3 0-0 8. cxd5 Nbd7 9. Bg5 Nb6 10. Bxf6 Bxf6 11. 0-0-0 Bg4 12. Be2 Qd6 13. h3 Qf4+ 14. Kb1 Bxf3 15. Bxf3 Bxd4 16. Ne4 Bg7 17. Rhe1 Rac8 18. g3 Qe5 19. Bg4 f5 20. Nc3 Qd6 21. Re6 Qc5 22. d6 fxg4 23. dxe7 Rfe8 24. Rc6+ Kh8 25. Rxc5 Rxc5 26. Qf7 Rcc8 27. Ne4 Nc4 28. Nf6 Ne5 29. Qxe8+ Rxe8 30. Nxe8 1-0